[Event "Mechanics' Fall TNM; 30/90, SD/30"]
[Site "San Francisco"]
[Date "2014.12.02"]
[Round "6.38"]
[White "Otterbach, Renate"]
[Black "Purland, Matthew"]
[Result "0-1"]
[WhiteElo "1044"]
[BlackElo "1479"]
[PlyCount "60"]
[EventDate "2014.??.??"]

1. d4 Nf6 2. Nf3 e6 3. Bf4 d5 4. Nbd2 c5 5. e3 Nh5 6. c3 Nxf4 7. exf4 Nc6 8.
Bd3 cxd4 9. cxd4 Qb6 10. Nb3 Bb4+ 11. Nfd2 Nxd4 12. O-O Nxb3 13. Nxb3 O-O 14.
Rc1 Bd7 15. a3 Bd6 16. Qd2 Qxb3 17. Rc3 Qa4 18. Qe2 f5 19. Bc2 Qxf4 20. Rh3 g6
21. b4 Rac8 22. g3 Qc4 23. Bd3 Qg4 24. Qxg4 fxg4 25. Rh4 Rc3 26. Bb1 e5 27. Rh6
Kg7 28. Rh4 Be7 29. Re1 Bxh4 30. gxh4 Kf6 0-1

[Event "Mechanics' Fall TNM; 30/90, SD/30"]
[Site "?"]
[Date "2014.11.26"]
[Round "5"]
[White "Otterbach, Renate"]
[Black "Ronen, Ari"]
[Result "1-0"]
[WhiteElo "1041"]
[BlackElo "1629"]
[PlyCount "73"]
[EventDate "2014.??.??"]

1. d4 e6 2. Nf3 b6 3. e3 Bb7 4. Bd3 d5 5. Nbd2 c5 6. c3 Bd6 7. Ne5 c4 8. Bc2 b5
9. a3 Nd7 10. Ndf3 Ne7 11. O-O Ng6 12. b3 Ngxe5 13. Nxe5 Nxe5 14. dxe5 Bxe5 15.
f4 Bxc3 16. Rb1 O-O 17. Qf3 Qe7 18. Qh3 h6 19. bxc4 bxc4 20. Bb2 Bxb2 21. Rxb2
Qc7 22. Rf3 f5 23. Rg3 Kh7 24. Qh5 Rab8 25. Qg6+ Kh8 26. Qxe6 Rf6 27. Qe5 Qxe5
28. fxe5 Rff8 29. e6 Bc6 30. Rxb8 Rxb8 31. Bxf5 g5 32. h4 Rg8 33. e7 Rg7 34.
hxg5 hxg5 35. Rh3+ Kg8 36. Be6+ Rf7 37. Rf3 1-0

[Event "Mechanics' SummerTNM; 30/90, SD/30"]
[Site "San Francisco"]
[Date "2014.06.03"]
[Round "2.20"]
[White "Otterbach, Renate"]
[Black "Timur, Mesut"]
[Result "0-1"]
[WhiteElo "994"]
[BlackElo "1753"]
[Annotator "Donaldson"]
[PlyCount "76"]
[EventDate "2014.??.??"]

1. d4 Nf6 2. Nf3 e6 3. Bf4 c5 4. e3 d5 5. c3 Nbd7 6. Bd3 Be7 7. Nbd2 Nh5 8. Ne5
Nxf4 9. exf4 O-O 10. Bxh7+ $4 (10. O-O) 10... Kxh7 11. Qh5+ Kg8 12. Ndf3 Nxe5
13. dxe5 b6 14. O-O (14. h4 Ba6 15. Ng5 Bd3) 14... Ba6 15. Rfe1 Bd3 16. Ng5
Bxg5 17. fxg5 Bg6 18. Qg4 d4 19. h4 Bf5 20. Qf3 Qd5 21. Qf4 d3 22. Rad1 b5 23.
g4 Bh7 24. h5 Qc4 25. Qg3 Rad8 26. h6 d2 27. Re3 Bc2 28. hxg7 Kxg7 29. Qh4 Rh8
30. Qg3 Bxd1 31. Kg2 Qxg4 32. f3 Qxg3+ 33. Kxg3 Bc2 34. Re2 d1=Q 35. Rg2 Qe1+
36. Kf4 Rh4+ 37. Rg4 Rxg4+ 38. Kxg4 Rh8 0-1

[Event "Mechanics' SummerTNM; 30/90, SD/30"]
[Site "San Francisco"]
[Date "2014.07.08"]
[Round "7.29"]
[White "Otterbach, Renate"]
[Black "Vazquez, Erasmo"]
[Result "0-1"]
[WhiteElo "994"]
[BlackElo "1639"]
[PlyCount "60"]
[EventDate "2014.??.??"]

1. d4 d5 2. Nf3 Nf6 3. e3 Bf5 4. c3 e6 5. Qb3 Qc8 6. Nbd2 Nbd7 7. a4 Bd6 8. Be2
O-O 9. Qa2 c5 10. b3 cxd4 11. cxd4 Qc7 12. Bb2 Rac8 13. O-O Ne4 14. Rfc1 Qb8
15. Nf1 Bb4 16. Rd1 Rc2 17. Bb5 Nc3 18. Bxc3 Bxc3 19. Qa3 Bxa1 20. Bxd7 Qc7 21.
Ne5 Bb2 22. Qe7 Qd8 23. Qb4 f6 24. Bxe6+ Bxe6 25. Nd3 b6 26. Nxb2 Rxb2 27. Rc1
Bf5 28. Ng3 Rb1 29. Rxb1 Bxb1 30. Qe1 Bg6 0-1

[Event "Mechanics' Spring TNM; 30/90, SD/30"]
[Site "San Francisco"]
[Date "2014.05.06"]
[Round "8.25"]
[White "Otterbach, Renate"]
[Black "Vichik, Adam"]
[Result "1-0"]
[WhiteElo "1056"]
[BlackElo "1482"]
[Annotator "Donaldson"]
[PlyCount "59"]
[EventDate "2014.??.??"]

1. d4 e6 2. Nf3 d5 3. e3 Nf6 4. Bd3 Be7 5. Nbd2 c5 6. c3 O-O 7. O-O Nc6 8. Re1
cxd4 9. exd4 Bd6 10. Ne5 Qc7 11. f4 Nd7 12. Ndf3 Re8 13. Bxh7+ Kxh7 14. Ng5+
Kg8 15. Qh5 Ndxe5 16. Qh7+ Kf8 17. fxe5 Nxe5 18. dxe5 Bxe5 19. Rxe5 Qxe5 20.
Nf3 Qf5 21. Qh8+ Ke7 22. Qh4+ f6 23. b3 Qe4 24. Ba3+ Kf7 $4 (24... Kd8 $19) 25.
Qh5+ Qg6 {Diagram #} 26. Ng5+ $1 fxg5 27. Rf1+ Kg8 28. Qxg6 Bd7 29. Qf7+ (29.
Rf7) 29... Kh8 30. Qxd7 1-0

[Event "Mechanics' SummerTNM; 30/90, SD/30"]
[Site "San Francisco"]
[Date "2014.05.27"]
[Round "1.27"]
[White "Otterbach, Renate"]
[Black "Yamamoto, Shu"]
[Result "1/2-1/2"]
[WhiteElo "994"]
[BlackElo "1772"]
[Annotator "Donaldson"]
[PlyCount "84"]
[EventDate "2014.??.??"]

1. d4 d5 2. Nf3 Nf6 3. c3 b6 4. e3 a6 5. Nbd2 e6 6. Bd3 Bb7 7. O-O Be7 8. Ne5
O-O 9. f4 Nbd7 10. Rf3 Re8 11. Rh3 c5 $4 {Diagram #} (11... g6) 12. Ndf3 (12.
Bxh7+ $1 Nxh7 13. Qh5 Ndf8 14. Qxf7+ Kh8 15. Ndf3 {leaves Black helpless.} ({or
} 15. Ng6+ Nxg6 16. Qxg6 Bh4 17. Nf3 Qf6 18. Qg4 g5 19. fxg5 Bxg5 20. Nxg5 Re7
21. e4 Rf8 22. Be3 dxe4 23. Qh5 Rff7 24. dxc5 bxc5 25. Bxc5 {winning.})) 12...
h6 13. Ng5 Nxe5 14. fxe5 hxg5 15. exf6 Bxf6 16. b4 cxd4 17. exd4 Rc8 18. Qh5
Kf8 19. Be2 Rxc3 20. Rxc3 Bxd4+ 21. Be3 Bxc3 22. Rb1 $2 (22. Rf1) 22... Bf6 23.
b5 a5 24. Rc1 d4 25. Bf2 Bd5 26. Bg3 e5 27. Bg4 Be6 28. Bxe6 Rxe6 {Diagram #} (
28... g6 {
and Black is winning but now the position on the board changes instantly.}) 29.
Rc8 $3 Qxc8 30. Qh8+ Ke7 31. Qxc8 Rd6 32. Qc7+ Ke6 33. Be1 (33. Kf2 {is easier.
}) 33... Bd8 34. Qc8+ Kd5 35. Qb7+ Ke6 36. Bg3 d3 37. Qc8+ Rd7 38. Be1 Ke7 39.
Bd2 f6 40. g4 g6 41. Qc4 Kf8 42. Qc8 Ke7 {
White should bring her King into play with good chances of winning.} 1/2-1/2

[Event "Mechanics' SummerTNM; 30/90, SD/30"]
[Site "San Francisco"]
[Date "2014.06.24"]
[Round "5.35"]
[White "Otterbach, Renate"]
[Black "Zulkhuu, Amuuna"]
[Result "0-1"]
[WhiteElo "994"]
[BlackElo "842"]
[PlyCount "68"]
[EventDate "2014.??.??"]

1. d4 d5 2. Nf3 Nf6 3. e3 Nc6 4. c3 Bf5 5. Qb3 b6 6. Qa4 Bd7 7. Bb5 Nb8 8. Ne5
e6 9. Qb3 Bd6 10. Bd3 O-O 11. Nd2 Nc6 12. f4 Ng4 13. Ndf3 Bxe5 14. fxe5 f6 15.
Bd2 fxe5 16. e4 Rxf3 17. Be2 Qh4+ 18. g3 Rxg3 19. O-O-O Nf2 20. exd5 Nxd1 21.
dxe6 Bxe6 22. Qxe6+ Kh8 23. Qxc6 Rf8 24. Re1 Qxh2 25. Kxd1 Rg2 26. Qxc7 h5 27.
Qxe5 Qxe5 28. dxe5 h4 29. Rh1 Rff2 30. Rxh4+ Kg8 31. Bc4+ Kf8 32. Rh8+ Ke7 33.
Bg5+ Rxg5 34. Rb8 Rg1+ 0-1

[Event "Mechanics' Winter TNM; 30/90, SD/30"]
[Site "San Francisco"]
[Date "2014.02.25"]
[Round "8.28"]
[White "Oyuntseren, Togtokh"]
[Black "Agdamag, Samuel"]
[Result "0-1"]
[WhiteElo "1331"]
[BlackElo "1487"]
[Annotator "Donaldson"]
[PlyCount "126"]
[EventDate "2014.??.??"]

1. e4 c5 2. Nf3 d6 3. Bb5+ Bd7 4. Nc3 (4. Bxd7+ Qxd7 5. c4 (5. O-O Nc6 6. c3
Nf6 7. Re1 e6 8. d4)) 4... Nf6 5. Qe2 a6 6. Bxd7+ Nbxd7 7. d3 e6 8. Bg5 Be7 9.
Be3 (9. O-O) 9... Rc8 10. O-O O-O 11. b3 b5 12. d4 $2 cxd4 13. Bxd4 e5 14. Nxb5
axb5 15. Bb2 Qc7 16. Rac1 Qb6 17. b4 Qb7 18. Nd2 Rc7 (18... d5) 19. f3 Rfc8 20.
c3 Nh5 (20... d5) 21. g3 Qb6+ 22. Kh1 Nf8 23. Rc2 Ng6 24. a3 Rd7 25. c4 Bg5 26.
Nb3 bxc4 27. Rxc4 Rxc4 28. Qxc4 Rc7 29. Qd3 Qe3 30. Qxe3 Bxe3 31. Bc1 Bxc1 32.
Rxc1 Ra7 33. Rc8+ Nf8 34. Na5 g6 35. Nc4 Kg7 36. b5 Nd7 37. Rc6 Nhf6 38. Ra6
Rb7 39. b6 d5 40. exd5 Nxd5 41. Ra7 Rxa7 42. bxa7 N5b6 43. Nxb6 Nxb6 44. a4 Na8
45. Kg2 f5 46. Kf2 Kf6 47. Ke3 Ke6 48. g4 Kd5 49. Kd3 fxg4 50. fxg4 e4+ 51. Ke3
h6 52. h4 Ke5 53. a5 Kd5 54. a6 Ke5 55. h5 g5 56. Kf2 Kf4 57. Ke2 Nb6 58. Kf2
Kxg4 59. Ke3 Kf5 60. Kd4 Kf4 61. Kc5 Na8 62. Kc6 e3 63. Kb7 e2 0-1

[Event "Mechanics' Spring TNM; 30/90, SD/30"]
[Site "San Francisco"]
[Date "2014.04.15"]
[Round "5.26"]
[White "Oyuntseren, Togtokh"]
[Black "Allen, Tom"]
[Result "1/2-1/2"]
[WhiteElo "1372"]
[BlackElo "1496"]
[PlyCount "80"]
[EventDate "2014.??.??"]

1. e4 e5 2. Nf3 Nc6 3. Bb5 f5 4. exf5 e4 5. Qe2 Qe7 6. Bxc6 dxc6 7. Nd4 Nf6 8.
Nc3 Qe5 9. Qe3 Bc5 10. Nf3 Qxf5 11. d4 Bb4 12. Nh4 Qg4 13. Qf4 O-O 14. Qxg4
Nxg4 15. f3 exf3 16. gxf3 Re8+ 17. Kf1 Bxc3 18. bxc3 Ne3+ 19. Bxe3 Rxe3 20. Re1
Bh3+ 21. Kf2 Re6 22. Rxe6 Bxe6 23. a3 Kf7 24. f4 Bd5 25. Re1 Re8 26. Rxe8 Kxe8
27. Ke3 g6 28. Nf3 Bxf3 29. Kxf3 Ke7 30. Ke4 Kd6 31. h4 Ke6 32. a4 a6 33. c4 b5
34. a5 bxc4 35. c3 h6 36. Ke3 Kd5 37. Kf3 c5 38. dxc5 Kxc5 39. Ke4 Kd6 40. Kd4
Ke6 1/2-1/2

[Event "Mechanics' SummerTNM; 30/90, SD/30"]
[Site "San Francisco"]
[Date "2014.06.03"]
[Round "2.26"]
[White "Oyuntseren, Togtokh"]
[Black "Casares, Nick"]
[Result "1-0"]
[WhiteElo "1395"]
[BlackElo "1600"]
[Annotator "Donaldson"]
[PlyCount "55"]
[EventDate "2014.??.??"]

1. e4 e5 2. Nf3 Nc6 3. c3 Nf6 4. d4 exd4 5. cxd4 Bb4+ 6. Bd2 Bxd2+ 7. Nbxd2 O-O
8. Bd3 Nb4 9. Bc2 Nxc2+ 10. Qxc2 h6 11. O-O d6 12. Rac1 c6 13. h3 Re8 14. Rfe1
Bd7 15. e5 dxe5 16. dxe5 Nd5 17. Nc4 Re6 18. Nd6 Rg6 19. Kh2 Nf4 20. Rg1 Be6
21. Qe4 Nd5 22. Nh4 Rg5 (22... Rg4 $1 23. hxg4 Qxh4#) 23. f4 Rh5 24. Nf3 Qd7
25. h4 Bg4 26. g3 f5 27. Qd3 Rf8 28. Rce1 {
remaining on both score sheets unplayable.} 1-0

[Event "Mechanics' Fall TNM; 30/90, SD/30"]
[Site "San Francisco"]
[Date "2014.12.02"]
[Round "6.30"]
[White "Oyuntseren, Togtokh"]
[Black "Eastham, Asher"]
[Result "0-1"]
[WhiteElo "1561"]
[BlackElo "1339"]
[PlyCount "132"]
[EventDate "2014.??.??"]

1. e4 e5 2. Nf3 Nc6 3. Bc4 Bc5 4. O-O Nf6 5. Qe2 d6 6. h3 O-O 7. d3 h6 8. Nc3
Be6 9. Bxe6 fxe6 10. Na4 Bb6 11. Nxb6 axb6 12. c4 Qe8 13. Re1 Qh5 14. Bd2 Rf7
15. Bc3 Raf8 16. Rf1 Ne7 17. Rae1 c5 18. Nh2 Qg6 19. Ng4 h5 20. Nxf6+ Rxf6 21.
Qe3 Rf3 22. Qe2 Rxh3 23. g3 Rf4 24. Kg2 Rfh4 25. Rh1 Rxh1 26. Rxh1 Rxh1 27.
Kxh1 Qg4 28. Qxg4 hxg4 29. Kg2 Kf7 30. f4 gxf3+ 31. Kxf3 Kg6 32. Kg4 Ng8 33.
Bd2 Nf6+ 34. Kh4 Nh7 35. g4 Nf6 36. g5 Nh5 37. Kg4 Nf4 38. Bxf4 exf4 39. Kxf4
Kh5 40. a3 g6 41. b3 e5+ 42. Kg3 Kxg5 43. b4 Kh5 44. Kh3 g5 45. Kg3 g4 46. b5
Kg5 47. a4 Kh5 48. Kf2 Kh4 49. Kg2 g3 50. Kg1 Kh3 51. Kh1 g2+ 52. Kg1 Kh4 53.
Kxg2 Kg4 54. Kf2 Kh3 55. Kf3 Kh4 56. Ke3 Kg3 57. Kd2 Kf2 58. Kc3 Ke3 59. Kc2
Ke2 60. Kc3 Kd1 61. Kb3 Kd2 62. a5 bxa5 63. b6 Kxd3 64. Ka4 Kxe4 65. Kxa5 Kd3
66. Kb5 e4 0-1

[Event "Mechanics' Spring TNM; 30/90, SD/30"]
[Site "San Francisco"]
[Date "2014.04.29"]
[Round "7.21"]
[White "Oyuntseren, Togtokh"]
[Black "Eytan, David"]
[Result "0-1"]
[WhiteElo "1372"]
[BlackElo "1637"]
[PlyCount "84"]
[EventDate "2014.??.??"]

1. e4 c5 2. Nf3 g6 3. c3 Bg7 4. Bc4 Nc6 5. Qb3 e6 6. O-O Nge7 7. d3 O-O 8. Be3
b6 9. Nbd2 a6 10. a4 Na5 11. Qc2 Bb7 12. b4 cxb4 13. e5 bxc3 14. Qxc3 Rc8 15.
Qb4 Nxc4 16. Nxc4 Nd5 17. Qb3 Nxe3 18. fxe3 Bxf3 19. Rxf3 d5 20. Nxb6 Rc6 21.
a5 Bxe5 22. d4 Bc7 23. Rb1 Qd6 24. Rf2 Qxh2+ 25. Kf1 Bg3 26. Rfb2 Qh1+ 27. Ke2
Qxg2+ 28. Kd3 Qe4+ 29. Kd2 f5 30. Nd7 Rf7 31. Nc5 Rxc5 32. dxc5 d4 33. Qd3
dxe3+ 34. Ke2 Qg2+ 35. Kd1 Qc6 36. Qxe3 Rd7+ 37. Rd2 Qa4+ 38. Ke2 Qg4+ 39. Kf1
Qc4+ 40. Qe2 Qf4+ 41. Kg1 Qxd2 42. Qxe6+ Kg7 0-1

[Event "Mechanics' SummerTNM; 30/90, SD/30"]
[Site "San Francisco"]
[Date "2014.07.01"]
[Round "6.25"]
[White "Oyuntseren, Togtokh"]
[Black "James, Charles"]
[Result "1-0"]
[WhiteElo "1395"]
[BlackElo "1517"]
[Annotator "Donaldson"]
[PlyCount "57"]
[EventDate "2014.??.??"]

1. e4 e6 2. Nc3 d5 3. exd5 exd5 4. d4 Nf6 5. Bd3 Be6 6. Nf3 Nc6 7. a3 a6 8. Bf4
Nh5 9. Bg5 f6 (9... Nf6) 10. Bh4 (10. Be3 $1) 10... Nf4 11. O-O Bd6 12. Re1 Qd7
13. Bf5 O-O 14. Bxe6+ Nxe6 15. Nxd5 Bxh2+ 16. Kxh2 Qxd5 17. c3 Rae8 18. Bg3 Re7
19. Re3 Rfe8 20. Qc2 f5 21. Be5 Nxe5 22. Rxe5 Nxd4 $4 23. cxd4 Qd6 24. Rae1
Qh6+ 25. Kg1 Qf6 26. Qc4+ Kf8 27. Rxe7 Rxe7 28. Rxe7 Qxe7 29. Qc5 1-0

[Event "Mechanics' Spring TNM; 30/90, SD/30"]
[Site "San Francisco"]
[Date "2014.04.01"]
[Round "3.28"]
[White "Oyuntseren, Togtokh"]
[Black "Morgan, Jerry"]
[Result "0-1"]
[WhiteElo "1372"]
[BlackElo "1568"]
[Annotator "Donaldson"]
[PlyCount "106"]
[EventDate "2014.??.??"]

1. e4 c6 2. Nc3 (2. d4 d5 3. exd5 cxd5 4. c3) 2... d5 3. d4 dxe4 4. Nxe4 Bf5 5.
Qd3 (5. Ng3 Bg6 6. h4 h6 7. h5 Bh7 8. Nf3 Nd7 9. Bd3) (5. Ng3 Bg6 6. Nf3 Nf6 7.
Bd3) 5... Qd5 (5... e6) 6. f3 Nd7 7. Qc4 Bxe4 8. fxe4 Qxe4+ 9. Ne2 Qh4+ (9...
Ngf6) 10. g3 Qe4 11. Rg1 Qd5 12. Qxd5 (12. Qd3) 12... cxd5 13. Bg2 e6 14. Bf4
Bb4+ 15. c3 Be7 16. O-O-O Ngf6 17. Bg5 h6 18. Bxf6 Bxf6 19. h4 Nb6 20. Kb1 Nc4
21. Rd3 O-O 22. Nf4 Rfd8 (22... b5) 23. Re1 Rab8 24. Nh5 Be7 25. b3 Na3+ 26.
Kb2 b5 27. Nf4 b4 $2 (27... Bd6 $1) 28. Nxd5 $1 bxc3+ 29. Rxc3 $2 (29. Nxc3)
29... Bd6 $1 30. Nf4 (30. Ne3 Bb4) 30... Bxf4 (30... Bb4) 31. Kxa3 (31. gxf4
Nb5) 31... Bd2 32. Rec1 Bxc1+ 33. Rxc1 Rxd4 34. Rc7 Rd2 35. Be4 Rd4 36. Bc2 a5
37. Ra7 Rd5 38. Ka4 Kf8 39. Rxa5 Rxa5+ 40. Kxa5 Ra8+ 41. Kb5 Rxa2 42. Be4 Ke7
43. Kc5 Kd7 44. b4 Kc7 45. b5 Rb2 46. Bh7 f5 47. Bg6 Rc2+ 48. Kd4 Kb6 49. Be8
Re2 50. Bc6 g5 51. Kd3 Re5 52. Kd4 Re1 53. h5 e5+ 0-1

[Event "Mechanics' Whitehead TNM; 30/90, SD/30"]
[Site "San Francisco"]
[Date "2014.08.26"]
[Round "4.28"]
[White "Oyuntseren, Togtokh"]
[Black "Olson, David"]
[Result "1-0"]
[WhiteElo "1561"]
[BlackElo "1407"]
[Annotator "Donaldson"]
[PlyCount "37"]
[EventDate "2014.??.??"]

1. e4 e5 2. Nf3 d6 3. Bc4 Be6 4. Bxe6 fxe6 5. c3 (5. d4 exd4 6. Nxd4) 5... Nf6
6. Qe2 Nbd7 7. d4 exd4 8. cxd4 Be7 9. O-O O-O 10. e5 (10. Ng5 $1) 10... Nd5 $4
(10... dxe5) 11. exd6 cxd6 12. Qxe6+ Kh8 13. Qxd5 Rc8 14. Nc3 b6 15. Bg5 Nf6
16. Bxf6 Rxf6 17. Qe4 Qd7 18. Rfe1 Rg6 19. Qxe7 1-0

[Event "Mechanics' Whitehead TNM; 30/90, SD/30"]
[Site "San Francisco"]
[Date "2014.08.12"]
[Round "2.31"]
[White "Oyuntseren, Togtokh"]
[Black "Otterbach, Renate"]
[Result "1-0"]
[WhiteElo "1561"]
[BlackElo "1136"]
[Annotator "Winslow,Elliott C"]
[PlyCount "111"]
[EventDate "2014.??.??"]

1. e4 e6 2. e5 $6 d5 (2... d6 $1 3. exd6) 3. exd6 (3. d4 $1) 3... cxd6 (3...
Bxd6 $1) 4. Nf3 Nh6 5. d4 Nf5 6. Bd3 Nd7 7. Bxf5 exf5 8. Nc3 Nf6 9. Qe2+ Be7
10. Bg5 O-O 11. O-O h6 12. Bxf6 Bxf6 13. Rfe1 Bd7 14. Nd5 Rc8 15. Nxf6+ Qxf6
16. c3 f4 17. Qe7 Qf5 18. Qxd6 Rc6 19. Qe5 Rg6 20. Qxf5 Bxf5 21. Nh4 Rg5 22.
Nxf5 Rxf5 23. Re5 Rf6 24. b4 Rc8 25. Rc5 Rfc6 26. Rb1 Kf8 {
Both scoresheets say "...h6"} 27. f3 g5 28. Kf2 Ke7 {
Both scoresheets say this move} 29. Re1+ Kd6 30. c4 b6 31. Rd5+ Kc7 32. Re7+
Kb8 33. c5 R6c7 34. Re2 Kb7 35. a4 Kc6 36. Rd6+ Kb7 37. Rc2 Re8 {
Both scoresheets: ...Rd8} 38. c6+ Kc8 39. Re2 Rce7 40. Rxe7 Rxe7 41. Rxh6 Re3
42. Rh5 Kc7 43. b5 Ra3 44. Rxg5 Ra2+ 45. Ke1 Rxa4 46. Rd5 Ra1+ 47. Kd2 a6 48.
Rd7+ Kc8 49. Rxf7 a5 50. Kc2 Ra2+ 51. Kb3 Rxg2 52. h4 Rf2 53. Rxf4 Rf1 54. d5
Rb1+ 55. Ka2 Rxb5 56. d6 1-0

[Event "Mechanics' Fall TNM; 30/90, SD/30"]
[Site "San Francisco"]
[Date "2014.11.18"]
[Round "4.36"]
[White "Oyuntseren, Togtokh"]
[Black "Paquette, James"]
[Result "1-0"]
[WhiteElo "1561"]
[BlackElo "1272"]
[PlyCount "77"]
[EventDate "2014.??.??"]

1. e4 g6 2. Nf3 Bg7 3. d4 c5 4. d5 d6 5. c3 Nf6 6. Bd3 O-O 7. Be3 e6 8. dxe6
fxe6 9. O-O Ng4 10. Qd2 Nd7 11. h3 Nge5 12. Be2 Nxf3+ 13. Bxf3 Ne5 14. Be2 b6
15. Rd1 Nf7 16. Bf4 Qh4 17. Bg3 Qf6 18. Qd3 Bb7 19. Nd2 d5 20. Bf3 Rad8 21. Qe2
Ng5 22. e5 Nxf3+ 23. Nxf3 Qf5 24. Qd3 Qxd3 25. Rxd3 Rf5 26. Nh4 Rh5 27. f4 g5
28. Nf3 gxf4 29. Bxf4 d4 30. Re1 Bxf3 31. Rxf3 Rd5 32. g4 Rh4 33. c4 Rd7 34.
Bg5 d3 35. Bxh4 d2 36. Rd1 Bxe5 37. b3 Bb2 38. Bg5 Bc1 39. Rf2 1-0

[Event "Mechanics' SummerTNM; 30/90, SD/30"]
[Site "San Francisco"]
[Date "2014.07.15"]
[Round "8.15"]
[White "Oyuntseren, Togtokh"]
[Black "Poblete, Tyrone"]
[Result "1-0"]
[WhiteElo "1395"]
[BlackElo "1293"]
[Annotator "Donaldson"]
[PlyCount "69"]
[EventDate "2014.??.??"]

1. e4 c5 2. c3 Nc6 3. Nf3 (3. d4) 3... Qc7 4. Bc4 (4. d4) 4... Ne5 5. Nxe5 Qxe5
6. Qe2 a6 7. d3 e6 8. f4 Qc7 9. a3 Ne7 10. Be3 b6 11. Nd2 g6 12. Qf2 Bg7 13. d4
O-O 14. dxc5 b5 15. Bb3 a5 16. Bd4 f6 (16... e5) 17. f5 $1 d5 18. fxe6 Bxe6 19.
O-O Rad8 20. Qe3 Nc6 21. exd5 Bxd5 22. Bxd5+ Rxd5 23. Qe6+ Qf7 24. Qxc6 Re8 25.
Bxf6 Bxf6 26. Rxf6 Qd7 27. Qxd7 Rxd7 28. Rd6 Rde7 29. Nf3 Re2 30. Rb1 Rc2 31.
Rd2 Rxd2 32. Nxd2 Re2 33. Nf3 Kf8 34. Kf1 Re6 35. b4 1-0

[Event "Mechanics' SummerTNM; 30/90, SD/30"]
[Site "San Francisco"]
[Date "2014.06.17"]
[Round "4.26"]
[White "Oyuntseren, Togtokh"]
[Black "Poling, Scott"]
[Result "0-1"]
[WhiteElo "1395"]
[BlackElo "1683"]
[PlyCount "68"]
[EventDate "2014.??.??"]

1. e4 e6 2. Nf3 d5 3. exd5 exd5 4. d4 Bd6 5. Bd3 Ne7 6. O-O O-O 7. b3 Bf5 8.
Nc3 c6 9. Bg5 f6 10. Bxf5 Nxf5 11. Be3 Re8 12. Qd3 Qd7 13. a3 Na6 14. b4 b5 15.
Rab1 Nc7 16. Rfe1 a5 17. Ne2 axb4 18. axb4 Ra4 19. c3 Rea8 20. Bf4 Bxf4 21.
Nxf4 Nd6 22. Nd2 g6 23. f3 Kf7 24. Nb3 Qf5 25. Qxf5 Nxf5 26. Na5 g5 27. Nd3 Ra3
28. g4 Nxd4 29. cxd4 Rxd3 30. Nxc6 Ne6 31. Kf2 Raa3 32. Kg2 Ra2+ 33. Kg3 Rdd2
34. Rg1 Nf4 0-1

[Event "Mechanics' Winter TNM; 30/90, SD/30"]
[Site "San Francisco"]
[Date "2014.02.18"]
[Round "7.30"]
[White "Oyuntseren, Togtokh"]
[Black "Simpkins, Jerry"]
[Result "1-0"]
[WhiteElo "1331"]
[BlackElo "1551"]
[PlyCount "135"]
[EventDate "2014.??.??"]

1. Nf3 (1. e4 e5 2. Nf3 d5 {Jerry's pet line.}) 1... Nc6 2. e4 e5 {
Black has been tricked!} 3. c3 d6 4. d4 Bg4 5. Be3 Nf6 6. Nbd2 Be7 7. Be2 Nh5
8. dxe5 dxe5 {Diagram #} 9. Nc4 (9. Nxe5 $1 Bxe2 10. Nxc6 Bxd1 11. Nxd8 Bg4 12.
Nxb7 $18) 9... Bxf3 10. Bxf3 Nf4 11. Bxf4 exf4 12. e5 O-O 13. O-O Re8 14. Re1
Bg5 15. Bd5 (15. Qa4) 15... Qe7 {Diagram #} 16. e6 $1 f6 17. Bxc6 bxc6 18. Qd7
Qc5 19. Qd4 $2 (19. Nd2 $18) 19... Qf5 20. Qe4 Qxe4 21. Rxe4 f5 22. Re5 g6 23.
Rae1 Bf6 24. Rc5 Rad8 25. Rxc6 Re7 26. Ra6 Kf8 27. Rxa7 Rxe6 28. Kf1 Rc6 29.
Na3 (29. Na5 Rb6 30. Nb3) 29... Rd2 30. Re2 Rxe2 (30... Rd1+ 31. Re1 Rd2 32.
Re2 Rd1+) 31. Kxe2 Re6+ 32. Kf1 Be5 33. Nc4 c6 34. Rxh7 Bg7 35. Nd2 Rd6 36. Ke2
c5 37. Rh4 g5 38. Rh5 Bf6 39. Rh3 Rb6 40. Nc4 Re6+ 41. Kd2 g4 42. Rd3 Bg5 43.
f3 Bh4 44. Rd6 Re7 45. fxg4 fxg4 46. Rd5 Rf7 47. Ne5 Rg7 48. Ke2 Re7 49. g3
fxg3 50. hxg3 Bxg3 51. Rd8+ Kg7 52. Rd7 Rxd7 53. Nxd7 Bd6 54. a4 Kf7 55. a5 Ke7
56. Nb6 (56. a6 $1) 56... Bc7 57. Nc4 Ke6 58. Kf2 Kd5 59. Ne3+ Kc6 60. Nxg4
Bxa5 61. c4 Bc7 62. Ke3 Bg3 63. Kd3 Kb6 64. Nf6 Ka5 65. Kc2 Be5 66. Ne4 Bxb2 $4
67. Kxb2 Kb4 68. Nd2 1-0

[Event "Mechanics' Winter TNM; 30/90, SD/30"]
[Site "San Francisco"]
[Date "2014.02.04"]
[Round "5.32"]
[White "Oyuntseren, Togtokh"]
[Black "Starr, Albert"]
[Result "0-1"]
[WhiteElo "1331"]
[BlackElo "1570"]
[Annotator "Donaldson"]
[PlyCount "82"]
[EventDate "2014.??.??"]

1. d4 f5 2. c4 g6 3. Bf4 Nf6 4. f3 Bg7 5. Nc3 O-O 6. e3 d6 7. Bd3 c5 8. Nge2
Be6 9. d5 Bf7 10. Rb1 Nbd7 11. O-O a6 12. e4 Nh5 13. exf5 Nxf4 14. Nxf4 Ne5 15.
fxg6 Nxg6 16. Bxg6 hxg6 17. Qe2 Be5 18. Nh3 Kg7 19. f4 Bd4+ 20. Kh1 Qd7 21. Ng5
Rh8 22. Rbe1 Bf6 23. Ne6+ Kg8 24. Ne4 Re8 25. g3 Bxe6 26. Nxf6+ exf6 27. Qxe6+
$4 (27. dxe6 Qe7 28. f5) 27... Rxe6 28. dxe6 Qe7 29. Re3 Kg7 30. Kg2 b5 31. b3
b4 32. g4 a5 33. f5 g5 34. h3 Rd8 35. Rd1 Kf8 36. Red3 Qb7+ 37. Rd5 Ke7 38. Rh1
Qa8 39. h4 gxh4 40. Kh3 a4 41. Rdd1 Qf3+ 0-1

[Event "Mechanics' SummerTNM; 30/90, SD/30"]
[Site "San Francisco"]
[Date "2014.07.01"]
[Round "6.22"]
[White "Palmeri, Ralph"]
[Black "Furukawa, Jon"]
[Result "0-1"]
[WhiteElo "1740"]
[BlackElo "1515"]
[Annotator "Donaldson"]
[PlyCount "126"]
[EventDate "2014.??.??"]

1. e4 e5 2. Nf3 Nc6 3. Bb5 a6 4. Ba4 Nf6 5. d3 b5 6. Bb3 d6 7. c3 Be7 8. Nbd2
O-O 9. Nf1 d5 10. Qe2 dxe4 11. dxe4 Bb7 12. Bg5 Qc8 13. Ng3 Na5 14. Bc2 Qe6 15.
O-O Bd6 16. Nf5 Nh5 17. g3 Nc6 18. Bb3 Qe8 19. Rad1 Kh8 20. Nxd6 cxd6 21. Rxd6
f6 22. Be3 Qg6 23. Nd2 Nf4 24. Qf3 Nh3+ 25. Kg2 Ng5 26. Qg4 Bc8 27. Qh4 Bh3+
28. Kg1 Bxf1 29. Kxf1 Na5 30. Bd1 Nc4 31. Nxc4 bxc4 32. Bxg5 Qxg5 33. Qxg5 fxg5
34. Be2 Rfd8 35. Rc6 Rd2 36. Rb6 h6 37. Bxc4 Rf8 38. Be2 Rf6 39. Rb8+ Kh7 40.
Ke1 Rdd6 41. b3 Rc6 42. Bc4 Rf3 43. Bg8+ Kg6 44. c4 Rcf6 45. c5 Rxf2 46. Rb6
Rxa2 47. Rxf6+ Kxf6 48. c6 Ke7 49. h3 Kd6 50. Bd5 Rh2 51. Kf1 a5 52. Kg1 Rc2
53. Kf1 Rxc6 54. Bxc6 Kxc6 55. Ke2 Kc5 56. Kd3 Kb4 57. Kc2 h5 58. Kb2 Kc5 59.
Kc3 h4 $4 (59... g4 60. h4 Kd6 61. Kc4 Ke6 62. Kb5 (62. Kd3 Kf6 63. Ke3 g5)
62... g5 $19) 60. gxh4 $4 (60. g4 g6 61. Kd3) 60... gxh4 61. Kd3 g5 62. Kc3 g4
63. hxg4 h3 0-1

[Event "Mechanics' SummerTNM; 30/90, SD/30"]
[Site "San Francisco"]
[Date "2014.06.17"]
[Round "4.25"]
[White "Palmeri, Ralph"]
[Black "Ross, David"]
[Result "1/2-1/2"]
[WhiteElo "1740"]
[BlackElo "1348"]
[PlyCount "104"]
[EventDate "2014.??.??"]

1. Nf3 Nf6 2. g3 g6 3. Bg2 Bg7 4. c4 c5 5. Nc3 Nc6 6. O-O O-O 7. Re1 d6 8. h3
Bd7 9. e4 e5 10. d3 a6 11. Bg5 h6 12. Bd2 Qc7 13. Qc1 Kh7 14. Nd1 Rfb8 15. Ne3
b5 16. Nh4 Nd4 17. Bc3 Ne6 18. Nd5 Nxd5 19. exd5 Nd4 20. b3 bxc4 21. dxc4 a5
22. Rb1 Bf6 23. Kh2 Bxh4 24. gxh4 Bf5 25. h5 Bxb1 26. Qxb1 Rg8 27. Be4 f5 28.
hxg6+ Rxg6 29. Bh1 e4 30. f3 Nxf3+ 31. Bxf3 exf3 32. Qxf5 Rag8 33. Rf1 Qe7 34.
Rxf3 Qg5 35. Qxg5 Rxg5 36. Rf7+ Kg6 37. Rf2 Rf5 38. Re2 Rgf8 39. Re6+ Kh5 40.
Be1 R8f6 41. Re2 Re5 42. Rxe5+ dxe5 43. Bxa5 Rf2+ 44. Kg3 Rxa2 45. Bc7 Ra3 46.
Bxe5 Rxb3+ 47. Kf4 Rb4 48. d6 Rxc4+ 49. Kf5 Rc1 50. Ke6 Rd1 51. d7 Rxd7 52.
Kxd7 Kh4 1/2-1/2